Brakujące słowo w tytule - Statystyki

Ogólne statystyki
  • Ten quiz został rozwiązany 84 razy
  • Średni wynik to 14 z 25
Statystyki odpowiedzi
Tytuł Brakujące słowo % Poprawnych
Bolek i _____ Lolek
100%
W głowie się nie ______ Mieści
98%
Cztery ____ roku Pory
96%
O ____, który jeździł koleją Psie
95%
Jeden _ dziesięciu z
95%
Tysiąc i _____ noc Jedna
89%
Przygody _____ Sawyera Tomka
89%
_____ Muzykant Janko
84%
Grasz czy nie _____ Grasz
83%
___________ na ziarnku grochu Księżniczka
82%
________ z Notre Dame Dzwonnik
80%
Sekretne życie zwierzaków ________ Domowych
66%
Antygona w Nowym _____ Jorku
56%
Gnomeo i _____ Julia
56%
Gwiazd _______ wina Naszych
55%
Proszę _______ do gazu Państwa
52%
______ Tristana i Izoldy Dzieje
51%
Dziennik ______ Prawna Gazeta
48%
O czterech muzykantach z _____ Bremy
34%
Profesor Andrews w _________ Warszawie
11%
Bajka o diable z ______ złotymi włosami Trzema
10%
_______ sowiego królestwa Legendy
5%
_______ Gazeta Giełdy Parkiet
4%
____ Matki Boskiej pod krzyżem Żale
4%
______ na froncie wschodnim Piekło
2%
Nie znaleziono quizów pasujących do podanych kryteriów
Rozkład punktacji
Procent ludzi z każdym wynikiem
Percentyl według liczby udzielonych odpowiedzi
Twoja historia wyników
Nie rozwiązałeś tego quizu